Naturaleza and general verbs vocabulary (FINAL) Quiz Stats

 Plays Quiz not verified by Sporcle

Support Sporcle.
Go Orange.
Score 0/62 Timer 10:00
0 Plays Today
Word in English Word in Spansh % Correct
SunEl sol
100%
DogEl perro
100%
CatEl gato
100%
AnimalEl animal
100%
PlantLa planta
100%
StarLa estrella
100%
LakeEl lago
95.5%
CowLa vaca
95.5%
FlowerLa flor
95.5%
DesertEl desierto
95.5%
NatureLa naturaleza
95.5%
BirdEl ave
95.5%
SkyEl cielo
95.5%
MoonLa luna
95.5%
LawLa ley
95.5%
FishEl pez
90.9%
CloudLa nube
90.9%
ValleyEl valle
90.9%
PathEl sendero
90.9%
GrassLa hierba
90.9%
ForestEl bosque
90.9%
Land; soilLa tierra
90.9%
RainLa lluvia
90.9%
GovernmentEl gobierno
90.9%
PurePuro
90.9%
To conserveConservar
90.9%
Jungle (second way) La jungla
86.4%
DangerEl peligro
86.4%
To take care ofCuidar
86.4%
To reduceReducir
86.4%
JungleLa selva
81.8%
Word in English Word in Spansh % Correct
Bird (second way)El pájaro
77.3%
VolcanoEl volcán
77.3%
CraterEl cráter
77.3%
RockLa piedra
77.3%
RiverEl río
77.3%
TreeEl árbol
77.3%
ConservationLa conservación
77.3%
EnvironmentEl medio ambiente
77.3%
Natural resourceEl recurso natural
77.3%
To huntCazar
77.3%
To polluteContaminar
77.3%
To controlControlar
77.3%
To breatheRespirar
77.3%
EcologyLa ecología
72.7%
EcotourismEl ecoturismo
72.7%
SolutionLa solución
72.7%
To stop (doing something)Dejar de
72.7%
To destroyDestruir
72.7%
To resolve; to solveResolver
72.7%
PollutionLa contaminación
68.2%
DeforestationLa deforestación
68.2%
EnergyLa energía
68.2%
ExtinctionLa extinción
68.2%
PopulationLa población
68.2%
To developDesarrollar
68.2%
To discoverDescubrir
68.2%
To avoidEvitar
68.2%
To protectProteger
68.2%
To be pollutedEstar contaminado
63.6%
To improveMejorar
63.6%
To be affected (by)Estar afectado (por)
59.1%

You're not logged in!

Compare scores with friends on all Sporcle quizzes.
OR
Log In

From the Vault

Clikipedia: Rock Bands

by MSUKent

This is one way to define music.
Remove Ads.
Support Sporcle.
Get the best of Sporcle when you Go Orange. This ad-free experience offers more features, more stats, and more fun while also helping to support Sporcle. Thank you for becoming a member.

Show Comments

Extras

Created Feb 8, 2011ReportNominate
Tags:Vocabulary Quiz, English, Verb

Top Quizzes Today


Score Distribution

Your Account Isn't Verified!

In order to create a playlist on Sporcle, you need to verify the email address you used during registration. Go to your Sporcle Settings to finish the process.

Report this User

Report this user for behavior that violates our Community Guidelines.

Details: